Numerical methods for engineers / (Record no. 14987)
[ view plain ]
| 000 -LEADER | |
|---|---|
| fixed length control field | 01625nac a2200385 i 4500 |
| 003 - CONTROL NUMBER IDENTIFIER | |
| control field | EG-ScBUE |
| 005 - DATE AND TIME OF LATEST TRANSACTION | |
| control field | 20241120122437.0 |
| 008 - FIXED-LENGTH DATA ELEMENTS--GENERAL INFORMATION | |
| fixed length control field | 100322s2010 nyua f b 001 0 eng d |
| 020 ## - INTERNATIONAL STANDARD BOOK NUMBER | |
| International Standard Book Number | 9780071267595 |
| 020 ## - INTERNATIONAL STANDARD BOOK NUMBER | |
| International Standard Book Number | 007126759X |
| 040 ## - CATALOGING SOURCE | |
| Original cataloging agency | EG-ScBUE |
| Language of cataloging | eng |
| Description conventions | rda |
| Transcribing agency | EG-ScBUE |
| Modifying agency | EG-ScBUE |
| 082 04 - DEWEY DECIMAL CLASSIFICATION NUMBER | |
| Classification number | 518.02462 |
| Item number | CHA |
| Edition number | 22 |
| 100 1# - MAIN ENTRY--PERSONAL NAME | |
| Personal name | Chapra, Steven C., |
| Relator term | author. |
| 9 (RLIN) | 12958 |
| 245 10 - TITLE STATEMENT | |
| Title | Numerical methods for engineers / |
| Statement of responsibility, etc | Steven C. Chapra, Berger Chair in Computing and Engineering Tufts University, Raymond P. Canale, professor emeritus of civil engineering, University of Michigan. |
| 250 ## - EDITION STATEMENT | |
| Edition statement | Sixth edition. |
| 250 ## - EDITION STATEMENT | |
| Edition statement | McGraw-Hill international Edition. |
| 264 #1 - PUBLICATION, DISTRIBUTION, ETC. (IMPRINT) | |
| Place of publication, distribution, etc | New York : |
| Name of publisher, distributor, etc | McGraw-Hill Higher Education, |
| Date of publication, distribution, etc | 2010. |
| 300 ## - PHYSICAL DESCRIPTION | |
| Extent | xviii, 968 pages : |
| Other physical details | illustrations ; |
| Dimensions | 24 cm |
| 336 ## - CONTENT TYPE | |
| Source | rdacontent |
| Content type term | text |
| Content type code | txt |
| 337 ## - MEDIA TYPE | |
| Media type term | unmediated |
| Source | rdamedia |
| Media type code | n |
| 338 ## - CARRIER TYPE | |
| Carrier type term | volume |
| Carrier type code | nc |
| Source | rdacarrier |
| 504 ## - BIBLIOGRAPHY, ETC. NOTE | |
| Bibliography, etc | Includes bibliographical references and index.<br/> |
| 590 ## - LOCAL NOTE (RLIN) | |
| Local note | Catalogued by : Mostafa El-Helaly |
| 650 #7 - SUBJECT ADDED ENTRY--TOPICAL TERM | |
| Topical term or geographic name as entry element | Engineering mathematics |
| General subdivision | Data processing. |
| 9 (RLIN) | 12959 |
| Source of heading or term | BUEsh |
| 650 #7 - SUBJECT ADDED ENTRY--TOPICAL TERM | |
| Topical term or geographic name as entry element | Numerical calculations |
| General subdivision | Data processing. |
| 9 (RLIN) | 12960 |
| Source of heading or term | BUEsh |
| 650 #7 - SUBJECT ADDED ENTRY--TOPICAL TERM | |
| Topical term or geographic name as entry element | Microcomputers |
| General subdivision | Programming. |
| 9 (RLIN) | 12961 |
| Source of heading or term | BUEsh |
| 651 ## - SUBJECT ADDED ENTRY--GEOGRAPHIC NAME | |
| Source of heading or term | BUEsh |
| 653 ## - INDEX TERM--UNCONTROLLED | |
| Arrived date list | August2015 |
| 655 ## - INDEX TERM--GENRE/FORM | |
| Form subdivision | Reading book |
| 700 1# - ADDED ENTRY--PERSONAL NAME | |
| Personal name | Canale, Raymond P., |
| 9 (RLIN) | 12962 |
| Relator term | author. |
| 856 42 - ELECTRONIC LOCATION AND ACCESS | |
| Materials specified | Publisher description |
| Uniform Resource Identifier | <a href="http://www.loc.gov/catdir/enhancements/fy0702/2005008475-d.html">http://www.loc.gov/catdir/enhancements/fy0702/2005008475-d.html</a> |
| 856 42 - ELECTRONIC LOCATION AND ACCESS | |
| Materials specified | Table of contents only |
| Uniform Resource Identifier | <a href="http://www.loc.gov/catdir/enhancements/fy0702/2005008475-t.html">http://www.loc.gov/catdir/enhancements/fy0702/2005008475-t.html</a> |
| 942 ## - ADDED ENTRY ELEMENTS (KOHA) | |
| Koha item type | Book - Borrowing |
| Source of classification or shelving scheme | Dewey Decimal Classification |
| Withdrawn status | Lost status | Source of classification or shelving scheme | Damaged status | Not for loan | Collection code | Home library | Current library | Shelving location | Date acquired | Source of acquisition | Cost, normal purchase price | Total Checkouts | Total Renewals | Full call number | Barcode | Date last seen | Date checked out | Cost, replacement price | Price effective from | Koha item type | Materials specified (bound volume or other part) | Checked out |
|---|---|---|---|---|---|---|---|---|---|---|---|---|---|---|---|---|---|---|---|---|---|---|
| Dewey Decimal Classification | Baccah | Central Library | Central Library | First floor | 10/03/2011 | Purchase | 180.00 | 19 | 68 | 518.02462 CHA | 000022626 | 15/07/2025 | 27/03/2018 | 225.00 | 10/03/2011 | Book - Borrowing | ||||||
| Dewey Decimal Classification | Baccah | Central Library | Central Library | First floor | 10/03/2011 | Purchase | 180.00 | 10 | 71 | 518.02462 CHA | 000022627 | 15/07/2025 | 16/02/2019 | 225.00 | Book - Borrowing | |||||||
| Lost | Dewey Decimal Classification | Baccah | Central Library | Central Library | First floor | 10/03/2011 | 180.00 | 1 | 518.02462 CHA | 000022625 | 11/07/2011 | 27/03/2011 | 225.00 | Book - Borrowing | Lost In Inventory_2005-2015/8/22 | |||||||
| Dewey Decimal Classification | Baccah | Central Library | Central Library | First floor | 10/03/2011 | Purchase | 180.00 | 11 | 97 | 518.02462 CHA | 000022622 | 15/07/2025 | 27/04/2022 | 225.00 | Book - Borrowing | |||||||
| Dewey Decimal Classification | Baccah | Central Library | Central Library | First floor | 10/03/2011 | Purchase | 180.00 | 9 | 43 | 518.02462 CHA | 000022623 | 15/07/2025 | 19/02/2025 | 225.00 | 10/03/2011 | Book - Borrowing | ||||||
| Dewey Decimal Classification | Baccah | Central Library | Central Library | First floor | 10/03/2011 | Purchase | 180.00 | 6 | 105 | 518.02462 CHA | 000022624 | 15/07/2025 | 08/02/2018 | 225.00 | 10/03/2011 | Book - Borrowing | ||||||
| Dewey Decimal Classification | Baccah | Central Library | Central Library | First floor | 10/03/2011 | Purchase | 180.00 | 16 | 86 | 518.02462 CHA | 000022856 | 15/07/2025 | 03/04/2019 | 225.00 | 10/03/2011 | Book - Borrowing | ||||||
| Dewey Decimal Classification | Baccah | Central Library | Central Library | First floor | 10/03/2011 | Purchase | 180.00 | 10 | 68 | 518.02462 CHA | 000022857 | 15/07/2025 | 13/02/2020 | 225.00 | 10/03/2011 | Book - Borrowing | ||||||
| Dewey Decimal Classification | Baccah | Central Library | Central Library | First floor | 10/03/2011 | Purchase | 180.00 | 1 | 518.02462 CHA | 000022870 | 15/07/2025 | 03/02/2013 | 225.00 | 10/03/2011 | NB - Book (Non borrowing) | |||||||
| Dewey Decimal Classification | Baccah | Central Library | Central Library | First floor | 11/07/2011 | Purchase | 180.00 | 8 | 26 | 518.02462 CHA | 000024332 | 15/07/2025 | 21/11/2024 | 225.00 | 11/07/2011 | Book - Borrowing | ||||||
| Lost | Dewey Decimal Classification | Baccah | Central Library | Central Library | First floor | 07/02/2013 | Purchase | 180.00 | 2 | 1 | 518.02462 CHA | 000028085 | 04/08/2013 | 04/08/2013 | 225.00 | 07/02/2013 | Book - Borrowing | 30/09/2013 | ||||
| Dewey Decimal Classification | Baccah | Central Library | Central Library | First floor | 07/02/2013 | Purchase | 180.00 | 8 | 82 | 518.02462 CHA | 000028086 | 15/07/2025 | 10/02/2025 | 225.00 | 07/02/2013 | Book - Borrowing | ||||||
| Lost | Dewey Decimal Classification | Baccah | Central Library | Central Library | First floor | 07/02/2013 | 180.00 | 3 | 12 | 518.02462 CHA | 000028087 | 29/04/2014 | 22/04/2014 | 225.00 | 07/02/2013 | Book - Borrowing | Lost In Inventory_2015-8-23 |